[Event "Klatovy op 22nd"]
[Site "Klatovy"]
[Date "2016.07.09"]
[Round "8"]
[White "Dungl, Petr"]
[Black "Stolc, Martin"]
[Result "0-1"]
[WhiteElo "1902"]
[BlackElo "2042"]
[PlyCount "120"]
[EventDate "2016.07.02"]
[EventType "swiss"]
[EventRounds "9"]
[EventCountry "CZE"]
[SourceTitle "CBM 173 Extra"]
[Source "ChessBase"]
[SourceDate "2016.08.29"]
[SourceVersion "1"]
[SourceVersionDate "2016.08.29"]
[SourceQuality "1"]

1. d4 d6 2. Nf3 g6 3. g3 Bg7 4. Bg2 c6 5. 0-0 Bf5 6. c4 Nf6 7. Nc3 Na6 8. a3 Qc8 9. Re1 Ne4 10. Nxe4 Bxe4 11. Nh4 Bxg2 12. Nxg2 Qg4 13. e4 Qxd1 14. Rxd1 Kd7 15. Rb1 b5 16. Ne3 Rab8 17. e5 f6 18. exd6 exd6 19. cxb5 Rxb5 20. b4 f5 21. Nc4 Re8 22. Na5 Nc7 23. Bb2 Nd5 24. Rdc1 Bh6 25. Rc2 Rb6 26. Kf1 f4 27. Re1 fxg3 28. hxg3 Rxe1+ 29. Kxe1 Ne7 30. Bc1 Bxc1 31. Rxc1 Rb8 32. Ke2 Rf8 33. Nc4 Rf5 34. Ne3 Rh5 35. Rd1 Ke6 36. Rc1 a5 37. bxa5 Rxa5 38. Rc3 Ra6 39. Kd3 Nd5 40. Rb3 h5 41. Ng2 g5 42. Ke4 Ra4 43. Kd3 Kf5 44. f3 Ke6 45. f4 gxf4 46. gxf4 Kf5 47. Ne3+ Nxe3 48. Kxe3 h4 49. Rc3 h3 50. Kf2 Rxd4 51. Rxc6 Kxf4 52. Rc3 h2 53. Kg2 Rd2+ 54. Kh1 d5 55. a4 Ra2 56. Rh3 d4 57. Rh4+ Ke3 58. Rh3+ Ke4 59. Rh4+ Kd3 60. a5 Kc3 0-1

[Event "Klatovy op 22nd"]
[Site "Klatovy"]
[Date "2016.07.08"]
[Round "7"]
[White "Soural, Karel"]
[Black "Dungl, Petr"]
[Result "1/2-1/2"]
[WhiteElo "2035"]
[BlackElo "1902"]
[PlyCount "44"]
[EventDate "2016.07.02"]
[EventType "swiss"]
[EventRounds "9"]
[EventCountry "CZE"]
[SourceTitle "CBM 173 Extra"]
[Source "ChessBase"]
[SourceDate "2016.08.29"]
[SourceVersion "1"]
[SourceVersionDate "2016.08.29"]
[SourceQuality "1"]

1. e4 c5 2. Nf3 e6 3. d4 cxd4 4. Nxd4 Nc6 5. Nxc6 bxc6 6. c4 Nf6 7. Bd3 e5 8. 0-0 Bc5 9. Nc3 h6 10. Qe2 0-0 11. Be3 Bxe3 12. Qxe3 Re8 13. Rad1 Qb6 14. Qxb6 axb6 15. Bc2 Ba6 16. Bb3 Rad8 17. Rfe1 Rb8 18. Rd2 Red8 19. f3 Kf8 20. Red1 Ke7 21. Kf2 Ne8 22. a4 Nc7 1/2-1/2

[Event "Klatovy op 22nd"]
[Site "Klatovy"]
[Date "2016.07.05"]
[Round "4"]
[White "Dungl, Petr"]
[Black "Psaila, Clarence"]
[Result "1/2-1/2"]
[WhiteElo "1902"]
[BlackElo "2080"]
[PlyCount "62"]
[EventDate "2016.07.02"]
[EventType "swiss"]
[EventRounds "9"]
[EventCountry "CZE"]
[SourceTitle "CBM 173 Extra"]
[Source "ChessBase"]
[SourceDate "2016.08.29"]
[SourceVersion "1"]
[SourceVersionDate "2016.08.29"]
[SourceQuality "1"]

1. d4 e6 2. Nf3 f5 3. c4 Nf6 4. Nc3 Bb4 5. Qb3 a5 6. g3 b6 7. Bg2 Bb7 8. 0-0 0-0 9. Bg5 h6 10. Bxf6 Qxf6 11. Rad1 Bxc3 12. Qxc3 d6 13. Nh4 Bxg2 14. Nxg2 Nd7 15. Rfe1 g5 16. f4 Rf7 17. Qf3 Re8 18. e3 Qd8 19. e4 Rg7 20. e5 g4 21. Qc3 Qa8 22. a3 d5 23. b3 c6 24. cxd5 cxd5 25. Rc1 Nb8 26. Rc2 Qb7 27. Rec1 Ree7 28. Kf2 Na6 29. Qc6 Qxc6 30. Rxc6 Rc7 31. Ke3 Rgd7 1/2-1/2

[Event "Klatovy op 22nd"]
[Site "Klatovy"]
[Date "2016.07.04"]
[Round "3"]
[White "Mueller, Michael3"]
[Black "Dungl, Petr"]
[Result "1/2-1/2"]
[WhiteElo "2102"]
[BlackElo "1902"]
[PlyCount "24"]
[EventDate "2016.07.02"]
[EventType "swiss"]
[EventRounds "9"]
[EventCountry "CZE"]
[SourceTitle "CBM 173 Extra"]
[Source "ChessBase"]
[SourceDate "2016.08.29"]
[SourceVersion "1"]
[SourceVersionDate "2016.08.29"]
[SourceQuality "1"]

1. e4 c5 2. c4 Nc6 3. Nc3 d6 4. g3 g6 5. Bg2 Bg7 6. Nge2 e6 7. d3 Nge7 8. 0-0 Nd4 9. Nxd4 Bxd4 10. Ne2 Bg7 11. d4 0-0 12. b3 Rb8 1/2-1/2

[Event "Klatovy op 22nd"]
[Site "Klatovy"]
[Date "2016.07.02"]
[Round "1"]
[White "Bartos, Jan"]
[Black "Dungl, Petr"]
[Result "1-0"]
[WhiteElo "2180"]
[BlackElo "1902"]
[PlyCount "89"]
[EventDate "2016.07.02"]
[EventType "swiss"]
[EventRounds "9"]
[EventCountry "CZE"]
[SourceTitle "CBM 173 Extra"]
[Source "ChessBase"]
[SourceDate "2016.08.29"]
[SourceVersion "1"]
[SourceVersionDate "2016.08.29"]
[SourceQuality "1"]

1. d4 Nf6 2. c4 e6 3. Nf3 b6 4. g3 Bb7 5. Bg2 Be7 6. 0-0 0-0 7. Nc3 Ne4 8. Qc2 Nxc3 9. Qxc3 c5 10. Rd1 d6 11. Qc2 Nd7 12. d5 exd5 13. cxd5 b5 14. e4 Nb6 15. Bf4 g5 16. Bc1 Bf6 17. e5 dxe5 18. Qxc5 g4 19. Ne1 a6 20. Bh6 Re8 21. d6 Bxg2 22. Nxg2 Rc8 23. Qa3 Qd7 24. Qxa6 Nc4 25. Rd5 Rb8 26. Be3 Rec8 27. Rc5 Rxc5 28. Bxc5 Nxb2 29. Qa3 Nc4 30. Qb4 Bd8 31. Rd1 Ba5 32. Qb1 Nd2 33. Qd3 Nf3+ 34. Kh1 Qe6 35. Ne3 Rc8 36. Qd5 Qd7 37. Ba3 Bb6 38. Rc1 Rxc1+ 39. Bxc1 Qc8 40. Bb2 Bxe3 41. d7 Qd8 42. fxe3 Kg7 43. Bxe5+ Nxe5 44. Qxe5+ Kg8 45. Qe8+ 1-0

[Event "Janske Lazne op"]
[Site "Janske Lazne"]
[Date "2013.05.10"]
[Round "6"]
[White "Hrdina, Robin"]
[Black "Dungl, Petr"]
[Result "1-0"]
[WhiteElo "2050"]
[BlackElo "1864"]
[PlyCount "89"]
[EventDate "2013.05.07"]
[EventType "swiss"]
[EventRounds "8"]
[EventCountry "CZE"]
[SourceTitle "CBM 154 Extra"]
[Source "ChessBase"]
[SourceDate "2013.06.25"]
[SourceVersion "2"]
[SourceVersionDate "2013.06.25"]
[SourceQuality "1"]

1. e4 c5 2. Nf3 Nf6 3. Nc3 Nc6 4. d4 d5 5. e5 Ne4 6. Bb5 Nxc3 7. bxc3 Qa5 8. Bxc6+ bxc6 9. Bd2 c4 10. h3 Bf5 11. Nh4 Bd7 12. 0-0 h6 13. f4 g5 14. fxg5 hxg5 15. Bxg5 Rg8 16. Qf3 Be6 17. Bd2 Rb8 18. Nf5 Rb2 19. Ne3 Qc7 20. Bc1 Rb6 21. Ba3 Bh6 22. Nf5 Bf8 23. Bb4 Qc8 24. g4 Bxf5 25. Qxf5 Qxf5 26. Rxf5 e6 27. Rff1 Bxb4 28. cxb4 Ke7 29. c3 Rbb8 30. Rf3 Rg7 31. Kg2 Rbg8 32. Rf4 Rh7 33. Kg3 Rgh8 34. Rh1 Ra8 35. Rf3 a5 36. a3 axb4 37. axb4 Ra2 38. h4 Kf8 39. g5 Kg7 40. Kg4 Rg2+ 41. Rg3 Ra2 42. h5 Ra8 43. h6+ Kg8 44. Kh5 Ra7 45. Rgg1 1-0

[Event "Janske Lazne op"]
[Site "Janske Lazne"]
[Date "2013.05.09"]
[Round "5"]
[White "Dungl, Petr"]
[Black "Sedivy, Martin"]
[Result "1/2-1/2"]
[WhiteElo "1864"]
[BlackElo "1989"]
[PlyCount "48"]
[EventDate "2013.05.07"]
[EventType "swiss"]
[EventRounds "8"]
[EventCountry "CZE"]
[SourceTitle "CBM 154 Extra"]
[Source "ChessBase"]
[SourceDate "2013.06.25"]
[SourceVersion "2"]
[SourceVersionDate "2013.06.25"]
[SourceQuality "1"]

1. d4 Nf6 2. c4 e5 3. dxe5 Ng4 4. Bf4 Nc6 5. Nf3 Bb4+ 6. Nbd2 Qe7 7. e3 Ngxe5 8. Nxe5 Nxe5 9. a3 Bxd2+ 10. Qxd2 d6 11. Be2 0-0 12. 0-0 Be6 13. Qb4 Ng6 14. Bg3 a5 15. Qc3 f5 16. Bf3 f4 17. exf4 c6 18. Rfe1 Qd7 19. f5 Bxf5 20. Rad1 Rf6 21. h4 Bg4 22. Re3 Bxf3 23. Rxf3 Rxf3 24. Qxf3 Qe7 1/2-1/2

[Event "Jirasek Memorial op 24th"]
[Site "Rakovnik"]
[Date "2012.08.07"]
[Round "5"]
[White "Dungl, Petr"]
[Black "Maeder, Juergen"]
[Result "1/2-1/2"]
[WhiteElo "1861"]
[BlackElo "1895"]
[PlyCount "81"]
[EventDate "2012.08.04"]
[EventType "swiss"]
[EventRounds "9"]
[EventCountry "CZE"]
[SourceTitle "CBM 149 Extra"]
[Source "ChessBase"]
[SourceDate "2012.08.24"]
[SourceVersion "1"]
[SourceVersionDate "2012.08.24"]
[SourceQuality "1"]

1. d4 d5 2. Nf3 Nf6 3. c4 c6 4. cxd5 cxd5 5. Nc3 e6 6. Bf4 Bd6 7. Bg5 0-0 8. e3 Nbd7 9. Be2 a6 10. 0-0 h6 11. Bh4 Qa5 12. Rc1 b5 13. a3 Bb7 14. Nd2 b4 15. Nb3 Qd8 16. axb4 Bxb4 17. Na4 Rc8 18. Nbc5 Nxc5 19. Nxc5 Bxc5 20. Rxc5 Rxc5 21. dxc5 g5 22. Bg3 Ne4 23. Qd4 f6 24. b4 e5 25. Qa1 Qd7 26. f3 Nxg3 27. hxg3 Qc6 28. g4 Kg7 29. Kf2 Qe6 30. Rb1 Ra8 31. Qa5 Qc6 32. Qa3 Rc8 33. Qc3 Rc7 34. Ra1 Rc8 35. Bd1 Ra8 36. Ba4 Qc7 37. c6 Rd8 38. Qc5 Bc8 39. b5 axb5 40. Bxb5 Kg8 41. Ra7 1/2-1/2

[Event "Jirasek Memorial op 24th"]
[Site "Rakovnik"]
[Date "2012.08.06"]
[Round "4"]
[White "Misicko, Jan"]
[Black "Dungl, Petr"]
[Result "1-0"]
[WhiteElo "2045"]
[BlackElo "1861"]
[PlyCount "77"]
[EventDate "2012.08.04"]
[EventType "swiss"]
[EventRounds "9"]
[EventCountry "CZE"]
[SourceTitle "CBM 149 Extra"]
[Source "ChessBase"]
[SourceDate "2012.08.24"]
[SourceVersion "1"]
[SourceVersionDate "2012.08.24"]
[SourceQuality "1"]

1. c4 e5 2. g3 Nf6 3. Bg2 d5 4. cxd5 Nxd5 5. Nc3 Nb6 6. Nf3 Nc6 7. 0-0 Be7 8. d3 0-0 9. Be3 Re8 10. Qc1 Bf8 11. Rd1 Nd4 12. Kf1 c6 13. Ne4 Nxf3 14. Bxf3 Nd5 15. Bc5 Bxc5 16. Qxc5 Qb6 17. Qxb6 Nxb6 18. d4 f5 19. Nd6 Re6 20. Nxf5 g6 21. Ne3 e4 22. Bg2 Nd5 23. Nxd5 cxd5 24. Rac1 Rb6 25. Rd2 Bd7 26. Rc3 Rf8 27. Ke1 Rbf6 28. f3 exf3 29. Bxf3 Bc6 30. Re3 g5 31. Kd1 Rc8 32. Re5 h6 33. Rc2 Rd8 34. Rc5 Rfd6 35. Kd2 Kg7 36. b4 a6 37. h4 Kg6 38. Rc1 Re8 39. Rxc6 1-0

[Event "Klatovy op-B"]
[Site "Klatovy"]
[Date "2000.??.??"]
[Round "?"]
[White "Drahorad, Daniel"]
[Black "Dungl, Petr"]
[Result "1-0"]
[WhiteElo "1815"]
[BlackElo "1790"]
[PlyCount "63"]
[EventDate "2000.??.??"]
[EventType "swiss"]
[EventRounds "9"]
[EventCountry "CZE"]
[SourceTitle "EXT 2003"]
[Source "ChessBase"]
[SourceDate "2002.11.25"]
[SourceVersion "1"]
[SourceVersionDate "2002.11.25"]
[SourceQuality "1"]

1. e4 c5 2. Nc3 e6 3. f4 Nc6 4. Nf3 Nge7 5. Bb5 a6 6. Bxc6 Nxc6 7. 0-0 Be7 8. Kh1 0-0 9. d4 cxd4 10. Nxd4 d6 11. Nxc6 bxc6 12. Qf3 Rb8 13. b3 c5 14. Bb2 Bf6 15. Rad1 Qc7 16. Qg3 Bd4 17. Na4 Bxb2 18. Nxb2 Bb7 19. Rfe1 d5 20. exd5 exd5 21. Nd3 c4 22. Ne5 f6 23. Ng4 Kh8 24. Ne3 cxb3 25. cxb3 Qf7 26. Nf5 Qg6 27. Qxg6 hxg6 28. Ne7 Rfe8 29. Rd3 Bc8 30. Ree3 Rxe7 31. Rxe7 Bb7 32. Rc3 1-0

[Event "Klatovy op-B"]
[Site "Klatovy"]
[Date "2000.??.??"]
[Round "?"]
[White "Dungl, Petr"]
[Black "Novy, Jaroslav"]
[Result "1-0"]
[WhiteElo "1790"]
[BlackElo "1730"]
[PlyCount "69"]
[EventDate "2000.??.??"]
[EventType "swiss"]
[EventRounds "9"]
[EventCountry "CZE"]
[SourceTitle "EXT 2003"]
[Source "ChessBase"]
[SourceDate "2002.11.25"]
[SourceVersion "1"]
[SourceVersionDate "2002.11.25"]
[SourceQuality "1"]

1. e4 e5 2. Nf3 Nc6 3. Nc3 Nf6 4. Bb5 Nd4 5. Nxd4 exd4 6. e5 dxc3 7. exf6 Qxf6 8. dxc3 Qe5+ 9. Qe2 Qxe2+ 10. Bxe2 d5 11. Be3 Be6 12. 0-0-0 c6 13. Bd4 a6 14. Bf3 0-0-0 15. Rhe1 Rg8 16. Bb6 Re8 17. c4 dxc4 18. Bg4 Be7 19. Rxe6 fxe6 20. Bxe6+ Kb8 21. Bxg8 Bg5+ 22. Be3 Bxe3+ 23. fxe3 Rxg8 24. Rd7 Kc8 25. Rf7 Kb8 26. e4 Ka7 27. e5 Re8 28. Rxg7 h6 29. Rg6 Rxe5 30. Rxh6 Re2 31. Rg6 a5 32. h4 b5 33. Rg3 c5 34. c3 Kb6 35. h5 1-0

[Event "Klatovy op-B"]
[Site "Klatovy"]
[Date "2000.??.??"]
[Round "?"]
[White "Dungl, Petr"]
[Black "Tyle, Jan"]
[Result "1-0"]
[WhiteElo "1790"]
[BlackElo "1680"]
[PlyCount "91"]
[EventDate "2000.??.??"]
[EventType "swiss"]
[EventRounds "9"]
[EventCountry "CZE"]
[SourceTitle "EXT 2003"]
[Source "ChessBase"]
[SourceDate "2002.11.25"]
[SourceVersion "1"]
[SourceVersionDate "2002.11.25"]
[SourceQuality "1"]

1. e4 c5 2. Nf3 Nc6 3. Nc3 Nf6 4. Bb5 a6 5. Bxc6 bxc6 6. e5 Nd5 7. Nxd5 cxd5 8. d4 e6 9. 0-0 d6 10. c4 dxc4 11. dxc5 d5 12. Qa4+ Qd7 13. c6 Qc7 14. Bd2 Bc5 15. Ba5 Bb6 16. Bb4 Qa7 17. b3 cxb3 18. axb3 Bc5 19. Bxc5 Qxc5 20. Rfc1 Qe7 21. c7+ Qd7 22. Qb4 Ra7 23. Qc5 Rb7 24. Rxa6 Rxc7 25. Qxc7 Qxc7 26. Rxc7 Bxa6 27. Ra7 Bc8 28. b4 Rf8 29. b5 Bd7 30. b6 Ke7 31. b7 Rb8 32. Nd4 Kd8 33. Nb3 Kc7 34. Nc5 Bc6 35. Na6+ Kb6 36. Nxb8 Kxa7 37. Nxc6+ Kxb7 38. Nd8+ Kb6 39. Nxf7 d4 40. Kf1 Kc5 41. Ke2 Kd5 42. Kd3 g6 43. f4 h5 44. h4 Kc5 45. Ng5 Kd5 46. g3 1-0

[Event "Klatovy op-B"]
[Site "Klatovy"]
[Date "2000.??.??"]
[Round "?"]
[White "Formanek, Jan"]
[Black "Dungl, Petr"]
[Result "0-1"]
[WhiteElo "1750"]
[BlackElo "1790"]
[PlyCount "68"]
[EventDate "2000.??.??"]
[EventType "swiss"]
[EventRounds "9"]
[EventCountry "CZE"]
[SourceTitle "EXT 2003"]
[Source "ChessBase"]
[SourceDate "2002.11.25"]
[SourceVersion "1"]
[SourceVersionDate "2002.11.25"]
[SourceQuality "1"]

1. e4 c5 2. Nf3 Nf6 3. Nc3 Nc6 4. Bc4 e6 5. d4 Nxe4 6. Nxe4 d5 7. Bxd5 Qxd5 8. Nc3 Qd8 9. d5 Nb4 10. dxe6 Qxd1+ 11. Kxd1 Bxe6 12. a3 0-0-0+ 13. Bd2 Nd5 14. Kc1 Nxc3 15. Bxc3 f6 16. Ne1 Bf5 17. b3 Bd6 18. Kb2 Rhe8 19. Rd1 Re2 20. Rd2 Rxd2 21. Bxd2 Be5+ 22. Kc1 Bb2+ 23. Kxb2 Rxd2 24. f3 Rd1 25. f4 Be4 26. Rg1 g6 27. a4 Kd7 28. h3 Bxg2 29. Rxg2 Rxe1 30. Rd2+ Ke7 31. Rf2 Re3 32. Rh2 Rf3 33. Re2+ Kd6 34. Rd2+ Kc6 0-1

[Event "Klatovy op-B"]
[Site "Klatovy"]
[Date "1998.??.??"]
[Round "?"]
[White "Dungl, Petr"]
[Black "Jina, Lubos"]
[Result "1/2-1/2"]
[WhiteElo "1765"]
[BlackElo "1905"]
[PlyCount "116"]
[EventDate "1998.??.??"]
[EventType "swiss"]
[EventRounds "9"]
[EventCountry "CZE"]
[SourceTitle "EXT 2000"]
[Source "ChessBase"]
[SourceDate "1999.11.16"]
[SourceVersion "1"]
[SourceVersionDate "1999.11.16"]
[SourceQuality "1"]

1. d4 Nf6 2. Bg5 e6 3. e4 Be7 4. e5 Nd5 5. Bxe7 Nxe7 6. Nf3 b6 7. Be2 Bb7 8. 0-0 0-0 9. Nbd2 d6 10. c3 Nd7 11. exd6 cxd6 12. Bd3 Nf6 13. Qc2 h6 14. Ne4 Nfd5 15. Rfe1 Rc8 16. a3 Nf4 17. Bf1 Nf5 18. Qd2 Ng6 19. Qd1 Nfh4 20. Nxh4 Nxh4 21. Ng3 Rc7 22. Rc1 Qg5 23. Qh5 Qd8 24. c4 Ng6 25. Qd1 Qa8 26. f3 Nh4 27. Re3 Re7 28. Rec3 Rc8 29. b4 Ng6 30. Qd2 Rd7 31. Bd3 Nf8 32. Be4 d5 33. cxd5 Rxc3 34. Rxc3 Bxd5 35. Bxd5 Qxd5 36. Ne2 e5 37. Rd3 Ne6 38. Nc3 Qc4 39. d5 Nf4 40. Re3 Qd4 41. Qxd4 exd4 42. Re8+ Kh7 43. Nd1 Nxd5 44. Kf1 Nf4 45. g3 Ne6 46. Ke2 Kg6 47. Kd2 Kf5 48. Nf2 Nc7 49. Re4 Nb5 50. Rf4+ Ke6 51. a4 Nc3 52. a5 f5 53. g4 g6 54. gxf5+ gxf5 55. Rh4 bxa5 56. bxa5 Ke5 57. Nd3+ Kd5 58. Rxh6 Nb5 1/2-1/2

[Event "Klatovy op-B"]
[Site "Klatovy"]
[Date "1998.??.??"]
[Round "?"]
[White "Soucha, Stepan"]
[Black "Dungl, Petr"]
[Result "1/2-1/2"]
[WhiteElo "1800"]
[BlackElo "1765"]
[PlyCount "82"]
[EventDate "1998.??.??"]
[EventType "swiss"]
[EventRounds "9"]
[EventCountry "CZE"]
[SourceTitle "EXT 2000"]
[Source "ChessBase"]
[SourceDate "1999.11.16"]
[SourceVersion "1"]
[SourceVersionDate "1999.11.16"]
[SourceQuality "1"]

1. Nf3 c5 2. c4 Nf6 3. d4 cxd4 4. Nxd4 Nc6 5. Nc3 Qb6 6. e3 Nxd4 7. exd4 d6 8. Be2 g6 9. 0-0 Bg7 10. b3 0-0 11. Bf3 Re8 12. Be3 Qd8 13. Qd2 a6 14. Rfe1 e6 15. Bh6 Nd7 16. Bxg7 Kxg7 17. Qf4 Nf6 18. g4 Rh8 19. g5 Ne8 20. Ne4 h6 21. h4 h5 22. Re2 Ra7 23. Rae1 b6 24. Bg2 Bb7 25. Nc3 Bxg2 26. Kxg2 Rf8 27. Qe4 Qa8 28. f4 Qxe4+ 29. Rxe4 Nc7 30. d5 Raa8 31. R4e2 Rfe8 32. Ne4 Rad8 33. Nf6 Rf8 34. Kg3 b5 35. cxb5 Nxb5 36. dxe6 fxe6 37. Rxe6 Nd4 38. Re7+ Rf7 39. Ne8+ Kf8 40. Rxf7+ Kxf7 41. Nf6 Nf5+ 1/2-1/2